Statistics for Keith David Filmography

Click here to take the quiz!

General Stats

  • This quiz has been taken 20 times
    (3 since last reset)
  • The average score is 76 of 462

Answer Stats

TypeYearName% Correct
TV Show2003Justice League
100%
TV Show2006-20077th Heaven
67%
Film2023American Fiction
67%
Film2023A Snowy Day in Oakland
67%
TV Show2020Black-ish
67%
Film2016Blue: The American Dream
67%
Film1995Dead Presidents
67%
Web SeriesTBADuster
67%
TV Show2020Family Guy
67%
TV Show1994Fantastic Four: The Animated Series
67%
TV Show1994-1996Gargoyles
67%
Film1990Marked for Death
67%
Film1990Men at Work
67%
Film2005Mr. & Mrs. Smith
67%
Film1986Platoon
67%
TV Show2012Robot Chicken
67%
FilmTBAShelby Oaks
67%
TV Show2018SpongeBob SquarePants
67%
Film2018Tales from the Hood 2
67%
Film2004The Chronicles of Riddick
67%
Film1995The Quick and the Dead
67%
Film1998There's Something About Mary
67%
Film1982The Thing
67%
Film1988They Live
67%
TV Show1997-1999Todd McFarlane's Spawn
67%
Film200229 Palms
33%
TV Mini-Series19913x3 Eyes
33%
TV Show2012-2017Adventure Time
33%
Film2009Against the Dark
33%
TV Show1994, 1995Aladdin
33%
Film1989Always
33%
TV Show2022, 2023American Dad!
33%
Film2018American Dresser
33%
TV Show1993American Playhouse
33%
TV Show2015Archer
33%
Film1998Armageddon
33%
Film1992Article 99
33%
Film2013Assault on Wall Street
33%
TV Film1999A.T.F.
33%
Film2006ATL
33%
TV Show2019Avengers Assemble
33%
Film2002Barbershop
33%
Documentary2004BEEF II
33%
TV Show2017Ben 10
33%
TV Show2015Big Time in Hollywood, FL
33%
Film1988Bird
33%
Film2010Birds of Paradise
33%
Film2021Black as Night
33%
Film1995Blue in the Face
33%
Web Series2017BoJack Horseman
33%
Film1988Braddock: Missing in Action III
33%
Video Game2009Call of Duty: Modern Warfare 2
33%
Film2022Catwoman: Hunted
33%
Film2010Chasing 3000
33%
Film2012Christmas in Compton
33%
TV Short1988Christmas in Tattertown
33%
Documentary Series2001-2005City Confidential
33%
Film1995Clockers
33%
Web Series2021Close Enough
33%
Film2012Cloud Atlas
33%
TV Show2012-2015Community
33%
Video Game2009Coraline
33%
Film2009Coraline
33%
TV Show2019Craig of the Creek
33%
Film2004Crash
33%
TV Show2003CSI: Crime Scene Investigation
33%
Video Game2019Darksiders Genesis
33%
Film2022DC League of Super-Pets
33%
Film2007Delta Force
33%
Film2005Dirty
33%
Film1979Disco Godfather
33%
Video Game1998Disney's Hades Challenge
33%
TV Show1998Disney's Hercules: The Animated Series
33%
TV Show2001Disney's House of Mouse
33%
TV Show2001Disney's The Legend of Tarzan
33%
Video Game2011Dissidia 012 Final Fantasy
33%
Video Game2008Dissidia: Final Fantasy
33%
TV Film1997Don King: Only in America
33%
TV Show2006-2007ER
33%
TV Show2015Extant
33%
Film1996Eye for an Eye
33%
Video Game1997Fallout: A Post Nuclear Role Playing Game
33%
Film2014Field of Lost Shoes
33%
Film1992Final Analysis
33%
Film2001Final Fantasy: The Spirits Within
33%
TV Show2018-2021Final Space
33%
Film2008First Sunday
33%
Film2013Free Birds
33%
TV Show2019Fresh Off the Boat
33%
TV Show2010Funny or Die Presents...
33%
TV Show2005Grey's Anatomy
33%
Film2012H4
33%
Video Game2004Halo 2
33%
Video Game2007Halo 3
33%
Video Game2015Halo 5: Guardians
33%
Video Game2014Halo: The Master Chief Collection
33%
TV Show2011Hawaii Five-0
33%
Film2003Head of State
33%
Film1997Hercules
33%
Film2003Hollywood Homicide
33%
Film1987Hot Pursuit
33%
Film2007If I Had Known I Was a Genius
33%
Documentary2019In Search of Darkness
33%
Documentary Mini-Series2001Jazz
33%
TV Show2023Justified: City Primeval
33%
Film2015Kids vs Monsters
33%
TV Documentary2003Kingdom of David: The Saga of the Israelites
33%
TV Show2023Krapopolis
33%
Web Series2016Kulipari: An Army of Frogs
33%
Film1996Larger than Life
33%
TV Show2001Law & Order
33%
Video Game2003Lords of EverQuest
33%
Web Series2021Love Life
33%
Video Game2013Marvel Heroes
33%
Podcast2022Marvel's Wastelanders: Wolverine
33%
Podcast2022Marvel Wastelanders: Doom
33%
Video Game2007Mass Effect
33%
Video Game2010Mass Effect 2
33%
Video Game2012Mass Effect 3
33%
Video Game2010Megamind
33%
TV Show1983-1985Mister Rogers' Neighborhood
33%
Video Game2019Mortal Kombat 11
33%
TV Show2015Mr. Robot
33%
Documentary Mini-Series2021Muhammad Ali
33%
TV Film1997Murder, She Wrote: South by Southwest
33%
Film1992 Nails
33%
TV Show2020NCIS: New Orleans
33%
Film1996Never Met Picasso
33%
TV Show2017New Warriors
33%
Documentary Series1999, 2001New York: A Documentary Film
33%
Film2018Night School
33%
Film2016Nina
33%
Film2022Nope
33%
Film2001Novocaine
33%
TV Show2009NUMB3RS
33%
Film1988Off Limits
33%
Theater1979, 2001Othello
33%
TV Show2016Person of Interest
33%
Film2000Pitch Black
33%
Video Game1999Planescape: Torment
33%
Film2001Pretty When You Cry
33%
TV Show2018Rapunzel's Tangled Adventure
33%
Film1994Reality Bites
33%
TV Show2017Regular Show
33%
Film2000Requiem for a Dream
33%
TV Show2015-2023Rick and Morty
33%
Film1989Road House
33%
Video Game2006Saints Row
33%
Video Game2008Saints Row 2
33%
Video Game2013Saints Row IV
33%
Film2017Savage Dog
33%
TV Show2014Scorpion
33%
Film2011Snowflake, the White Gorilla
33%
Theme Park Attraction2012-PresentSorcerers of the Magic Kingdom
33%
TV Show2017Speechless
33%
TV Show2003Spider-Man: The New Animated Series
33%
Film2011Spork
33%
TV Show2021, 2022Stargirl
33%
Film1988Stars and Bars
33%
TV Show2017-2018Stretch Armstrong and the Flex Fighters
33%
Film2008Superhero Movie
33%
TV Show2017Superior Donuts
33%
TV Show2015-2017Teenage Mutant Ninja Turtles
33%
TV Show2004Teen Titans
33%
TV Show2004The Big House
33%
Film2009The Butcher
33%
Film2004The Chronicles of Riddick: Dark Fury
33%
TV Show1988The Equalizer
33%
TV Show2017, 2020The Flash
33%
Film2013The Frog Kingdom
33%
Documentary2025The Gettysburg Address
33%
Film1996The Grave
33%
Film2009The Hitman Diaries: Charlie Valentine
33%
TV Show2001-2002The Job
33%
Film2016The Nice Guys
33%
Film2006The Oh in Ohio
33%
TV Show2000The Outer Limits
33%
Video Game2009The Princess and the Frog
33%
Film2009The Princess and the Frog
33%
Film1994The Puppet Masters
33%
Film2000The Replacements
33%
Film2008The Sensei
33%
TV Show2008The Spectacular Spider-Man
33%
TV Documentary2011The True Story of Wrestlemania: Vol. 1
33%
TV Show1995-1996The Twisted Tales of Felix the Cat
33%
Film2012The Undershepherd
33%
Documentary Mini-Series2007The War
33%
Film2019The Wedding Year
33%
TV Show1993The Young Indiana Jones Chronicles
33%
TV Show1996Timon & Pumbaa
33%
TV Show2013Touch
33%
Video Game2007Transformers: The Game
33%
Film2005Transporter 2
33%
Film2022Unplugging
33%
Commercial2001, 2003-2004U.S. Navy
33%
Film1997Volcano
33%
TV Show2017We Bare Bears
33%
Film2000Where the Heart Is
33%
Documentary Series2008World War II Behind Closed Doors: Stalin, the Nazis and the West
33%
Film2018You Might Be the Killer
33%
TV Show2013Young Justice
33%
Film201921 Bridges
0%
Documentary2022African Redemption: The Life and Legacy of Marcus Garvey
0%
TV Show1990Against the Law
0%
Film2003Agent Cody Banks
0%
Film2004Agent Cody Banks 2: Destination London
0%
Theater1982Alec Wilder: Clues to a Life
0%
Film2009All About Steve
0%
TV Show2011Allen Gregory
0%
TV Show2006All of Us
0%
TV Show1989A Man Called Hawk
0%
Documentary Series1999, 2012American Experience
0%
Documentary2010America's Lost Eden
0%
Theater1981, 2007A Midsummer Night's Dream
0%
Film2022A Miracle Before Christmas
0%
TV Show2020-2022Amphibia
0%
Film2012Animen: The Galactic Battle
0%
TV Show2002Arli$$
0%
TV Documentary1999Arnold Schwarzenegger: Hollywood Hero
0%
Theater1986-1987As You Like It
0%
Commercial2002AT&T
0%
Documentary2005A Trumpet at the Walls of Jericho
0%
Short Film2022Aztec Warrior God, Emergence
0%
TV Documentary2019Backs Against the Wall: The Howard Thurman Story
0%
Documentary Mini-Series2010Baseball
0%
Documentary Series2013Battleground Afghanistan
0%
Film2008Beautiful Loser
0%
Film2009Behind Enemy Lines: Colombia
0%
Film2006Behind Enemy Lines II: Axis of Evil
0%
Short Film1998Behind the Zipper with Magda
0%
TV Show2013Belle's
0%
Short FilmTBABetty & Blue
0%
Short Film2018Bewildered
0%
Short Film2013Black Asylum
0%
TV Show2015Black Jesus
0%
Documentary1993Bluesland: A Portrait in American Music
0%
Commercial2009BMW
0%
Theater1992Boesman and Lena
0%
Film2015Boiling Pot
0%
Film2015Burn Off
0%
TV Show2008Canterbury's Law
0%
Film2024Captain Zero: Into the Abyss Part II
0%
Web Series2021Central Park
0%
Theater1985Ceremonies in Dark Old Men
0%
Film2010Chain Letter
0%
Web Series2018Champaign ILL
0%
Short Film2015Chances
0%
Commercial2001Chevrolet
0%
TV Show2023Chibiverse
0%
Documentary2011Chosen by God: The Great Black Pharaohs of the 25th Dynasty
0%
Radio Play2022Combat Radio: A Christmas Carol
0%
TV Documentary2003Comic Book Superheroes Unmasked
0%
Short Film2007Concrete Road
0%
Theater1988-1989Coriolanus
0%
Film1979Coriolanus
0%
Documentary2004Creature Feature: 50 Years of the Gill-Man
0%
Documentary2014Creature Feature: 60 Years of the Gill-Man
0%
Web Series2021Creepshow
0%
TV Documentary1993Cuba's Lost Treasure
0%
Film2010Death at a Funeral
0%
Documentary1997Death Rituals
0%
Film2017Dirty Lies
0%
TV Documentary2012Don Cornelius: Visionary, Trailblazer & Cultural Icon
0%
Film2009Don McKay
0%
Film2013Don't Pass Me By
0%
Short Film2023Don't Pick Up
0%
Short Film2012Double or Nothing
0%
TV Show2021Down to Business
0%
TV Show2021DuckTales
0%
Documentary Mini-Series2001Empires: Egypt's Golden Empire
0%
TV Show2014Enlisted
0%
Web Series2022Entergalactic
0%
TV Show2005Everwood
0%
Film1997Executive Target
0%
Documentary Series2006Fear Files
0%
TV Show2022, 2023Firebuds
0%
Film1997Flipping
0%
Film2006Forbidden Fruits
0%
Short Film2009Forgive Us Our Transgressions
0%
Web Mini-Series2022From Scratch
0%
Film2022From the Shadows
0%
Web Series2017Future Man
0%
Film2009Gamer
0%
Video Game2023Gargoyles Remastered
0%
TV Show1996-1997Gargoyles: The Goliath Chronicles
0%
Film1995Gargoyles the Movie: The Heroes Awaken
0%
Documentary2017Gina's Journey: The Search for William Grimes
0%
Documentary Series2010God in America
0%
TV Show2001Going to California
0%
Film2020Good
0%
TV Show2016-2020Greenleaf
0%
Short Film2001G Spots?
0%
Short Documentary2019Harriet Tubman: Soldier of Freedom
0%
Web SeriesTBAHazbin Hotel
0%
Film2022HeadShop
0%
Theater1994Hedda Gabler
0%
Film2023Heist 88
0%
Film2012Highway
0%
Film2011Hopelessly in June
0%
TV Documentary2003Horatio's Drive: America's First Road Trip
0%
Film2020Horizon Line
0%
Theater2006Hot Feet
0%
Film2015Huevos: Little Rooster's Egg-cellent Adventure
0%
Short Film2002Hung-Up
0%
Film2015If I Tell You I Have to Kill You
0%
Documentary Series2007Independent Lens
0%
Film2000Innocents
0%
TV Documentary2003Inside Mecca
0%
Film2021Insight
0%
Documentary Series2004In the Jury Room
0%
Short Documentary2013Into Forgetfulness
0%
Short Film2014Jabbawockeez: Regenerate
0%
Documentary Mini-Series2016Jackie Robinson
0%
Theater1991, 1992-1993Jelly's Last Jam
0%
TV Show2020JJ Villard's Fairy Tales
0%
Film1996johns
0%
Film2008Justice League: The New Frontier
0%
Film2003Kaena: The Prophecy
0%
Documentary Series2010Ken Burns' Baseball: The Tenth Inning
0%
Theater2000Kit Marlowe
0%
Theater1984La Boheme
0%
TV Film1988Ladykillers
0%
Documentary Mini-SeriesTBALegal Death: In Drugs We Trust
0%
Web Series2022Leverage: Redemption
0%
Web Series2018Liverspots and Astronots
0%
Film1996Loose Women
0%
Film2010Lottery Ticket
0%
Film2018Love Jacked
0%
Theater1986-1987Macbeth
0%
TV Show2020MacGyver
0%
Theater2016Ma Rainey's Black Bottom
0%
TV Documentary2001Mark Twain
0%
Documentary Mini-Series2020Mark Twain
0%
Video Game2021Mass Effect: Legendary Edition
0%
Film2010Meet Monica Velour
0%
Video Game2010Megamind: Mega Team Unite
0%
TV Film2002Miss Miami
0%
Documentary Series2016, 2018MLB Network Presents
0%
Film2020Most Guys Are Losers
0%
Documentary2021Mr Nelson on the North Side
0%
TV Film1990Murder in Black and White
0%
Short Film2010Murdock
0%
Web Series2023My Dad the Bounty Hunter
0%
Film2008My Mom's New Boyfriend
0%
Documentary Series1996, 1997, 2002National Geographic Explorer
0%
Documentary Series1993, 1994National Geographic Specials
0%
Documentary1998National Geographic: The Photographers
0%
Documentary Series1999, 2001Nature
0%
TV Show1996New York Undercover
0%
Film2008No Bad Days
0%
Film2011No Saints for Sinners
0%
Short Film1994Notes in a Minor Key
0%
Documentary Series1999Not for Ourselves Alone: The Story of Elizabeth Cady Stanton & Susan B. Anthony
0%
Documentary Series2004, 2019, 2022NOVA
0%
Film2010Now Here
0%
Documentary2003Nubia: The Forgotten Kingdom
0%
TV Show2017 OK K.O.! Let's Be Heroes
0%
TV Show2013Once Upon a Time in Wonderland
0%
Film2023Parallel Worlds: A Psychedelic Love Story
0%
Film2009Pastor Brown
0%
TV Show2001PBS Hollywood Presents
0%
Theater2021Pericles
0%
TV Documentary1995Photographers
0%
FilmTBAPortal to Hell
0%
Film1997Princess Mononoke
0%
TV Show2008Psych
0%
Film2021Pups Alone
0%
Film2016Range 15
0%
Film2017Rays Meets Helen
0%
TV Show1993Reading Rainbow
0%
Documentary2011Red Hope? The Blacklisting of Hope Foye (Her Story, Her Songs)
0%
Film2022Remember Me: The Mahalia Jackson Story
0%
TV Mini-Series1993Rhythm & Jam
0%
Theater1986-1987Romeo and Juliet
0%
TV Documentary2016School of Rickey
0%
TV Show1991Screen Two
0%
Short Film2010Sealing Your Fate
0%
Film2014Secrets of the Magic City
0%
TV Film2001Semper Fi
0%
Theater1995, 1996Seven Guitars
0%
Documentary2022Shut Up and Ride
0%
TV Film2008SIS
0%
Film2012Smiley
0%
FilmTBASneaks
0%
Film2010Something Like a Business
0%
Film2013Sons of Liberty
0%
TV Show2018-2019Star vs. the Forces of Evil
0%
Film2010Stomp the Yard: Homecoming
0%
Web Series2020, 2021Summer Camp Island
0%
Short Film2011Synecdoche
0%
TV Show2000Tales from the Crypt
0%
Short Film2010Tall Justice
0%
Film2020The 420 Movie: Mary & Jane
0%
TV Documentary2014The 600: History of NASCAR's Toughest Race
0%
TV Documentary2016The 600: The History of NASCAR's Toughest Race
0%
Documentary2016The American Artist: The Life & Times of George Caleb Bingham
0%
TV Mini-Series2013The Bible
0%
TV Show2011The Cape
0%
TV Documentary2007The Color Purple: The Color of Success
0%
TV Documentary2005The Crusades: Crescent and the Cross
0%
Film2008The Fifth Commandment
0%
Film2021The Gateway
0%
TV Mini-Series2020The Good Lord Bird
0%
Film2011The Greening of Whitney Brown
0%
Theater1980The Haggadah, a Passover Cantata
0%
Documentary2003The Hard Road
0%
Documentary2013The History of WWE: 50 Years of Sports Entertainment
0%
Short Film2015The Hypothetical Star Wars Holiday Special
0%
Film2011The Inheritance
0%
Theater1980The Lady from Dubuque
0%
Film2022The Last Call
0%
Film2012The Last Fall
0%
Web Series2019-2020The Last Kids on Earth
0%
TV Film1993The Last Outlaw
0%
Film2016The Last Punch
0%
Documentary2005The Last Royals
0%
Film2007The Last Sentinel
0%
TV Documentary2004The Last Stand of the Great Bear
0%
Documentary Series2014The Monday Night War: WWE vs. WCW
0%
Film2016The North Star
0%
FilmTBAThe Ogilvy Fortune
0%
TV Film1980The Pirates of Penzance
0%
Theater1980-1981The Pirates of Penzance
0%
Film2022The Prank
0%
Web Series2023The Proud Family: Louder and Prouder
0%
TV Film2005The Proud Family Movie
0%
TV Documentary2000The Race for the Poles
0%
TV Film1993There Are No Children Here
0%
Documentary2012The Savoy King: Chick Webb & the Music That Changed America
0%
Film2021The Seventh Day
0%
TV Film1998The Tiger Woods Story
0%
Documentary Series2017The Timeline
0%
Film1986The Whoopee Boys
0%
Theater2000The Winter's Tale
0%
Web Series2022The Wonderful World of Mickey Mouse
0%
TV Show2014Things You Shouldn't Say Past Midnight
0%
Concert Film2013T.I. and Friends Benefit Concert
0%
FilmTBATim Travers & the Time Travelers Paradox
0%
Theater1989Titus Andronicus
0%
Theater2015ToasT
0%
Music Video2012Today Was a Good Day
0%
Documentary2004Tomb Raiders: Robbing the Dead
0%
Video Game2007Transformers: Decepticons
0%
Web Series2023Transformers: Earthspark
0%
TV Show1993TriBeCa
0%
TV Show2023True Lies
0%
TV Show2005Ultimate Film Fanatic
0%
TV Show2015Uncle Grandpa
0%
TV Documentary2004Unforgivable Blackness: The Rise and Fall of Jack Johnson
0%
Film2015Union Furnace
0%
Commercial2002UPS
0%
TV Film1997Vanishing Point
0%
Film2017V-Force: New Dawn of V.I.C.T.O.R.Y.
0%
Theater1981Waiting for Godot
0%
Podcast2021Westward
0%
TV Mini-Series2015What Lives Inside
0%
Theater1981While We're Young
0%
Documentary2020Wild Daze
0%
Commercial2001Wisk Laundry Detergent Tablets
0%
Web Series2020Woke
0%
Commercial2002Xbox
0%
Documentary1995Yellowstone: Realm of the Coyote
0%

Score Distribution

Percentile by Number Answered

Percent of People with Each Score

Your Score History

You have not taken this quiz since the last reset